=LDR 00000nam 2200000 4500 =001 NUTBA000000000001453 =005 20230531100206 =035 ##$$a 0010-041400000000723 =008 230531################g##########0#ind## =082 ##$$a 362.82 =090 ##$$a 362.82 $b sand d =100 ##$$a Sandi Situmorang =245 1#$$a Dicari! ibu tiri yang baik hati /$c T. Sandi Situmorang =260 ##$$a Jakarta :$b Andi,$c 2010 =300 ##$$a 155 hlm ; $c 19 x 14 cm =850 ##$$a NBPBMAT =020 ##$$a 978-979-29-1371-2 =084 ##$$a 362.82 SAN d =250 ##$$a Ed. 1 =500 ##$$a Biografi hlm. 155 =990 ##$$a 21195324/BPAP-NTB/2014 =990 ##$$a 21195324/BPAP-NTB/2014 =990 ##$$a 21305046